000 00640nam a2200229 a 4500
008
020 _a8178330679 (pbk.)
049 _aMAIN
090 0 1 _aREF TP593 PAN
100 1 _aPanda, H.
245 1 4 _aHandbook on chemical industries :
_balcohol based /
_cH. Panda.
260 _aDelhi :
_bAsia Pacific,
_c[19?].
300 _a374 p. :
_bill. ;
_c22 cm.
500 _aIncludes index.
650 0 _aChemical industries.
650 0 _aAlcohol chemicals
907 _a.b10156331
_b29-03-07
_c02-03-05
003
005 20230120191413.0
040 _cNUST
942 _cBOOKS
_kREF TP593 PAN
999 _c100514
_d100514